Palmiro Togliatti (Record no. 72790)
[ view plain ]
| 000 -LEADER | |
|---|---|
| fixed length control field | 01279nam a22003494a 4500 |
| 100 1# - MAIN ENTRY--AUTHOR NAME | |
| Personal name | Agosti, Aldo. |
| 245 10 - TITLE STATEMENT | |
| Title | Palmiro Togliatti |
| 260 ## - PUBLICATION, DISTRIBUTION, ETC. (IMPRINT) | |
| Place of publication | London ; |
| -- | New York : |
| Name of publisher | I.B. Tauris, |
| Year of publication | 2008. |
| 300 ## - PHYSICAL DESCRIPTION | |
| Number of Pages | xix, 339 p. |
| 490 1# - SERIES STATEMENT | |
| Series statement | Communist lives series |
| 650 #0 - SUBJECT ADDED ENTRY--TOPICAL TERM | |
| Topical Term | Communists |
| Topical Term | Communism |
| 856 40 - ELECTRONIC LOCATION AND ACCESS | |
| Uniform Resource Identifier | http://site.ebrary.com/lib/rucke/Doc?id=10289941 |
No items available.
